000 00913nam a2200229 i 4500
001 76769
003 ES-MaACL
005 20251005063054.0
007 t|
008 041005s1903 sp |||| | spa d
100 1 _aGuichot y Sierra, Alejandro,
_d1859-1941
_960652
245 1 0 _aCiencia de la mitología
_b: el gran mito ctónico-solar /
_cpor Alejandro Guichot y Sierra ; prólogo de Manuel Sales y Ferré.
260 _aMadrid :
_bLibrería Gral. de Victoriano Suárez,
_c1903 (
_fViuda e Hijos de M. Tello)
300 _a506 p. ;
_c20 cm.
530 _aDisponible en formato digital.
650 0 4 _aMitología-
_vHistoria.
_915097
700 1 _aSales Ferré, Manuel.
_9101880
852 _aES-MaACL
_jF-2811
_cDEPO2
_zRevisado enlace: 23 de julio de 2025
856 4 _uhttps://archive.org/details/cienciadelamito00siergoog/page/n9
_y(Internet Archive)
942 _2udc
999 _c76769
_d76769